000 00900nam a22002777a 4500
001 BR9511366
003 BR-BrBNA
005 20230928094854.0
007 ta
008 230509b bl.||||| |||| 00| 0 por d
040 _aBR-BrBNA
_bpor
_cBiblioteca Nacional de Agricultura
041 _a(Por)
072 _aC10; E14
090 _ C10 BR9511366
110 1 _aMinisterio da Educacao e Cultura, Brasilia, DF (Brasil)
_97005
111 1 _aReuniao Tecnica sobre Metodologia de Planejamento da Educacao para o Desenvolvimento Integrado de Areas Rurais
_cBrasilia, DF (Brazil)
_d6-10 Nov 1978
245 1 _aSubsidios para o desenvolvimento da educacao no meio rural
260 3 _aBrasilia, DF (Brasil):
_c1978.
300 _a[vp]
500 _a37 ref.
650 _aEducacao
650 _aPolitica Educacional
650 _aPlanejamento
909 _a202309
_bLucia
_c55
_dLucia Elande
942 _cBK
999 _c53139
_d53139